| 000 | 01229cam a2200325 a 4500 | ||
|---|---|---|---|
| 001 | 2628 | ||
| 005 | 20240105130448.0 | ||
| 020 | _a0670061344 (hardcover) | ||
| 020 | _a9780142411490 | ||
| 040 |
_aJLGCP _cJLGCP _dJLGCP _dBAKER _dLEO _dTEF _dYDXCP _dVP@ _dDLC _beng |
||
| 050 | 0 | 0 |
_aPZ7.K67675 _bGr 2006 |
| 082 | 0 | 4 |
_a813 _223 |
| 100 | 1 |
_aKlages, Ellen _d1954- |
|
| 245 | 1 | 4 |
_aThe green glass sea / _cEllen Klages |
| 260 |
_aNew York : _bPenguin Group, _c2006 |
||
| 300 |
_a321 pages : _c20 cm |
||
| 500 | _aSequel: White Sands, red menace. | ||
| 505 | _aM | ||
| 520 | _a"In 1943, eleven-year-old Dewey Kerrigan travels west on a train to live with her scientist father--but no one will tell her exactly where he is. When she reaches Los Alamos, New Mexico, she learns why: he's working on a top secret government program"-- | ||
| 521 | 8 |
_a790 _bLexile |
|
| 521 | 8 |
_aM _bRaz-Plus |
|
| 650 | 1 |
_aAtomic bomb _vFiction. |
|
| 650 | 1 |
_aFathers and daughters _vFiction. |
|
| 650 | 1 |
_aScientists _vFiction. |
|
| 650 | 1 |
_aFriendship _vFiction. |
|
| 650 | 1 |
_aPeople with disabilities _vFiction. |
|
| 650 | 1 |
_aWorld War, 1939-1945 _zUnited States _vFiction. |
|
| 906 |
_a7 _bcbc _ccopycat _d2 _encip _f20 _gy-gencatlg |
||
| 942 |
_2ddc _cBK _n0 |
||
| 999 |
_c2628 _d2628 |
||